Normal view MARC view

Entry Personal Name

Number of records used in: 1

001 - CONTROL NUMBER

  • control field: 15525

003 - CONTROL NUMBER IDENTIFIER

  • control field: OSt

005 - DATE AND TIME OF LATEST TRANSACTION

  • control field: 20250324194805.0

008 - FIXED-LENGTH DATA ELEMENTS

  • fixed length control field: 250324|| aca||aabn | a|a d

040 ## - CATALOGING SOURCE

  • Original cataloging agency: OSt
  • Transcribing agency: OSt

100 ## - HEADING--PERSONAL NAME

  • Personal name: Samartino, Joann J., author

670 ## - SOURCE DATA FOUND

  • Source citation: Work cat.: (OSt): Alastoy, Michelle V., author. 15523, Employability of the graduates of the graduates of Bachelor of Science in hotel and restaurant management (BSHRM) of the Cavite State University Rosario Campus, S.Y. 1999-2000 TO 2001-2002, 2005.